000 00914nam a2200229Ii 4500
003 JO-AjNU
008 230605s9999||||xx |||||||||||||| ||und||
017 _a2009/16563
020 _a978-977-463-047-7
040 _aJO-AjNU
_bara
_erda
_cJO-AjNU
041 _aara
050 1 4 _aPJ6106 2009
100 3 _aتاليف أبو زيد،عصام عبد المنصف,
_eauthor
_934192
245 0 0 _aالمخالفات النحوية في شعر الكميت بن زيد الأسدي
250 _aط1
264 3 1 _aالقاهرة: دار غريب للطباعة والنشر والتوزيع،2009
300 _a281ص
336 _atext
_btxt
_2rdacontent
337 _aunmediated
_bn
_2rdamedia
338 _avolume
_bnc
_2rdacarrier
650 4 _aالشعر العربي-تاريخ ونقد-مقالات ومحاضرات-المخالفات النحوية في شعر الكميت بن زيد الأسدي
_934193
999 _aA13991
_c17559
_d17559